000 01705nam0a2200337 4500
001 RU\NLR\bibl\1688773
005 20260406051300.0
010 _a978-5-91940-012-7
_9500
021 _aRU
_b2010-71792
_94752
035 _a(NLR Aleph) 001679921
090 _a1094772
_c1094772
100 _a20101019d2010 |||y0rusy50 ca
101 0 _arus
102 _aRU
105 _ay |||||||||
200 1 _aВнедрение бюджетирования, ориентированного на результат в систему государственного управления субъектов Российской Федерации
_eмонография
_fА.В. Николаев, А.С. Баев, А.О. Блинов
210 _aМосква
_cПеро
_d2010
215 _a349 с.
_d21
300 _aНа 4-й с. обл. авт.: Николаев А.В., Баев А.С., кандидаты экон. наук, Блинов А.О., акад. РАЕН, д.э.н., проф.
320 _aБиблиогр.: с. 340-349 (93 назв.)
606 1 _aБюджетирование
_yРоссийская Федерация
_92370026
_3RU\NLR\auth\661414672
686 _aУ26(2)13
700 1 _4070
_7ca
_8rus
_aНиколаев
_bА. В.
_cканд. экон. наук
_gАлексей Владимирович
_976509
_3RU\NLR\auth\7793583
701 1 _aБаев
_bА. С.
_gАлександр Сергеевич
_4070
701 1 _4070
_7ca
_8rus
_aБлинов
_bА. О.
_cд-р экон. наук
_f1961-
_gАндрей Олегович
_9116539
_3RU\NLR\AUTH\776588
801 0 _aRU
_bNLR
_c20101019
_gRCR
801 1 _aRU
_bNLR
_c20101019
942 _cBOOK
980 _aNB